Congregations in conflict : cultural models of local religious life (Record no. 137001)

MARC details
000 -LEADER
fixed length control field 00785nam a2200217Ia 4500
008 - FIXED-LENGTH DATA ELEMENTS--GENERAL INFORMATION
fixed length control field 191130s1999##################000#0#eng##
020 ## - INTERNATIONAL STANDARD BOOK NUMBER
ISBN 9780521594622
082 ## - DEWEY DECIMAL CLASSIFICATION NUMBER
Classification number 306.650973 BEC
100 ## - MAIN ENTRY--AUTHOR NAME
Personal name Edgell, Penny
245 ## - TITLE STATEMENT
Title Congregations in conflict : cultural models of local religious life
Statement of responsibility, etc Penny Edgell Becker
260 ## - PUBLICATION, DISTRIBUTION, ETC. (IMPRINT)
Place of publication Cambridge
Name of publisher Cambridge University Press
Year of publication 1999
300 ## - PHYSICAL DESCRIPTION
Number of Pages xii, 267 p. ; 23 cm
500 ## - GENERAL NOTE
General note Includes bibliographical references (252-264) and index
650 ## - SUBJECT ADDED ENTRY--TOPICAL TERM
Topical Term Church controversies - United States - History - 20th century - Case studies
Topical Term United States - Religious life and customs - Case studies
991 ## -
-- 77756
Holdings
Withdrawn status Lost status Damaged status Not for loan Home library Current library Shelving location Date acquired Full call number Accession Number Price effective from Koha item type
        Anna Centenary Library Anna Centenary Library 3RD FLOOR, B WING 12.10.2020 306.650973 BEC 283337 12.10.2020 English Books

Find us on the map